| 000 | 00474nam a2200169Ia 4500 | ||
|---|---|---|---|
| 999 |
_c14329 _d14329 |
||
| 003 | OSt | ||
| 005 | 20210121120335.0 | ||
| 008 | 190216s9999||||xx |||||||||||||| ||und|| | ||
| 040 | _coclc | ||
| 082 |
_a425 _bJAM/M |
||
| 100 |
_aJames, Rahul _98337 |
||
| 245 | 0 |
_aMiracle English Grammar / _cRahul James |
|
| 260 |
_bDhronacharya Publications, _aKozhikode: _c2007. |
||
| 300 | _a592p | ||
| 650 | _aEnglish | ||
| 942 |
_cBK _2ddc _h425 _iJAM/M _k425 _mJAM/M |
||